| Tag |
First Indicator |
Second Indicator |
Subfields |
| LEADER |
00000cam a2200000 i 4500 |
| 001 |
in00005773441 |
| 005 |
20260327180125.8 |
| 006 |
m o d |
| 007 |
cr mnu|||||||| |
| 008 |
240629s2024 enka ob 001 0 eng d |
| 040 |
|
|
|a EBLCP
|b eng
|e rda
|e pn
|c EBLCP
|d OCLCO
|d EMU
|d OPELS
|d OCLCO
|d EBLCP
|d OCLCQ
|d N$T
|d SFB
|d OCLCQ
|d OCLCL
|
| 020 |
|
|
|a 9780128148105
|q (electronic bk.)
|
| 020 |
|
|
|a 0128148101
|q (electronic bk.)
|
| 020 |
|
|
|z 9780128148099
|q (print)
|
| 020 |
|
|
|z 0128148098
|q (print)
|
| 035 |
|
|
|a (OCoLC)1441720296
|
| 050 |
|
4 |
|a QH599
|
| 082 |
0 |
4 |
|a 572.87
|
| 049 |
|
|
|a TXAM
|
| 100 |
1 |
|
|a Morse, Randall H.,
|e author.
|1 https://id.oclc.org/worldcat/entity/E39PCjxkt3GdFWPgh8f8jrmBMX
|
| 245 |
1 |
0 |
|a Chromatin :
|b structure, function, and history /
|c Randall H. Morse, Laboratory of Molecular Genetics, Wadsworth Center, NY State Department of Health, Albany, NY, United States; Department of Biomedical Sciences, UAlbany School of Public Health, Albany, NY, United States.
|
| 264 |
|
1 |
|a London :
|a San Diego :
|b Academic Press,
|c [2024]
|
| 300 |
|
|
|a 1 online resource (576 pages) :
|b illustrations (some color)
|
| 336 |
|
|
|a text
|b txt
|2 rdacontent
|
| 337 |
|
|
|a computer
|b c
|2 rdamedia
|
| 338 |
|
|
|a online resource
|b cr
|2 rdacarrier
|
| 500 |
|
|
|a Description based upon print version of record.
|
| 588 |
|
|
|a Description based on resource, viewed July 1, 2024.
|
| 504 |
|
|
|a Includes bibliographical references and index.
|
| 520 |
|
|
|a Brings the reader up to date on the remarkable progress made in chromatin research over the course of the past 50 years. Coverage includes the basics of chromatin biology, beginning with the discoveries that culminated in the recognition of the nucleosome as the basic subunit of chromatin. Chromatin folding, nucleosome positioning, and histone variants are discussed, as well as research on chromatin modifications and remodeling, which exploded in the early to mid-1990s and led to widespread interest in epigenetics. Considerable attention is given to methods and experiments that led to key insights, and recent developments such as the use of genome-wide approaches and innovations in imaging approaches are also emphasized. By providing historical background together with detailed discussion of contemporary studies, the book aims to instill in the reader an appreciation not only of our current knowledge of chromatin structure and function, but also of the remarkable path that has taken chromatin to the forefront of modern research.
|
| 505 |
0 |
|
|a Intro -- Chromatin: Structure, Function, and History -- Copyright -- Contents -- Preface -- Part 1: Chromatin structure -- Chapter 1: Early history -- 1869-1950: Identification of nucleic acid and the ``dark ages ́́of chromatin research -- Prelude to the nucleosome: 1950s and 1960s -- A model for the nucleosome: A new era of chromatin biology begins -- References -- Chapter 2: The nucleosome unveiled -- From model to structure: The nucleosome core particle -- Size and shape -- The path of the DNA -- Histones in the nucleosome
|
| 505 |
8 |
|
|a The nucleosome unveiled: High-resolution structure of the core particle -- References -- Chapter 3: Chromatin compaction -- Early observations -- Factors influencing chromatin folding -- Cations -- Linker histones -- Histone tails -- The structure of compact chromatin -- Compact chromatin in living cells -- Chromosome architecture -- Chromosome territories -- Loops -- Topologically associating domains or TADs -- Liquid-liquid condensates -- Heterochromatin -- Heterochromatin in budding yeast -- References -- Chapter 4: Nucleosomes in context: Positioning, occupancy, and spacing -- Overview
|
| 505 |
8 |
|
|a Rotational vs translational nucleosome positioning -- Nucleosome spacing -- Methods for determining nucleosome positioning -- Local analysis of nucleosome positioning -- Global analysis of nucleosome positioning -- First studies of nucleosome positioning -- Nucleosome positioning in vivo -- Heterogeneity in nucleosome positioning: Single cell approaches -- Mechanisms of nucleosome positioning -- Role of DNA sequence -- DNA bending and nucleosome positioning -- Poly(dA)-poly(dT) tracts and nucleosome exclusion -- Cis vs trans determinants of nucleosome positioning and occupancy
|
| 505 |
8 |
|
|a Factors that contribute to nucleosome organization in trans -- Nucleosome-positioning proteins -- Nucleosome-excluding proteins -- Remodelers and nucleosome positioning -- Barrier elements, nucleosome spacing, and chromatin remodelers -- NDRs and ``fragile ́́nucleosomes -- References -- Chapter 5: Histones and variants -- General considerations -- Histone deposition and chromatin maturation following DNA replication -- Histone chaperones -- Histone variation: Early work -- Sea urchins: Variant histones expressed during development -- Other species -- Evolution of the histones
|
| 505 |
8 |
|
|a Canonical histones: Nonallelic variants -- Histone mutants -- Specialized variants -- H2A.Z -- H2A.X -- H2A.B and the short H2A variants -- MacroH2A -- CenH3 -- H3.3 -- References -- Part 2: Chromatin function -- Chapter 6: Chromatin remodeling -- The SWI/SNF complex -- Yeast genetics points to a chromatin remodeling machine -- swi and sin mutants -- snf and ssn mutants -- spt mutants -- Connections between swi, snf, and spt mutants and chromatin -- The SWI/SNF complex as a chromatin remodeling machine -- More remodeling machines -- SWI/SNF in other species -- BAF mutations and cancer -- RSC: A close cousin of the SWI/SNF complex -- Chapter 7: Histone modifications -- Chapter 8: Chromatin and transcription.
|
| 650 |
|
0 |
|a Chromatin.
|
| 650 |
|
0 |
|a Histones.
|
| 650 |
|
6 |
|a Chromatine.
|
| 650 |
|
6 |
|a Histones.
|
| 655 |
|
7 |
|a Electronic books.
|2 local
|
| 710 |
2 |
|
|a ScienceDirect (Online service)
|
| 776 |
0 |
8 |
|i Print version:
|a Morse, Randall H.
|t Chromatin
|d San Diego : Elsevier Science & Technology,c2024
|z 9780128148099
|
| 856 |
4 |
0 |
|u http://proxy.library.tamu.edu/login?url=https://www.sciencedirect.com/science/book/9780128148099
|z Connect to the full text of this electronic book
|t 0
|
| 955 |
|
|
|a Elsevier ScienceDirect 2026-2027
|
| 994 |
|
|
|a 92
|b TXA
|
| 999 |
f |
f |
|i 55eae42d-3401-4ede-b7bc-d42f0bea4457
|s 2f2c9e91-561d-4b46-934c-4db8fe7d810b
|t 0
|
| 952 |
f |
f |
|a Texas A&M University
|b College Station
|c Electronic Resources
|s www_evans
|d Available Online
|t 0
|e QH599
|h Library of Congress classification
|
| 998 |
f |
f |
|a QH599
|t 0
|l Available Online
|